[Event "Velammal-AICF Women GM 2019"]
[Site "Chennai"]
[Date "2019.02.02"]
[Round "8"]
[White "Osmak, Iulija"]
[Black "Varshini, V."]
[Result "1-0"]
[WhiteElo "2394"]
[BlackElo "2171"]
[Annotator "TA"]
[PlyCount "99"]
[EventDate "2019.01.28"]
[EventType "swiss"]
[EventCountry "IND"]
[SourceTitle "playchess.com"]
[Source "ChessBase"]
[SourceQuality "1"]

{[%evp 21,99,0,32,50,45,50,65,12,18,-8,-23,0,7,10,26,32,88,76,87,91,83,91,93,81,100,110,109,101,102,88,96,98,195,0,103,0,105,105,103,102,179,169,169,175,197,197,197,199,197,196,205,206,206,202,210,208,314,314,314,312,308,300,290,287,312,298,354,302,519,437,910,299,567,546,2300,2086,29986,29986,29986,29987]} 1. e4 (1. d4 Nf6 2. c4 e6 3. Nf3 d5 4. Nc3 c5 5. e3 Nc6 6. cxd5 Nxd5 7. Bd3 Be7 8. O-O O-O 9. Qe2 cxd4 10. exd4 Nf6 11. Rd1 {1-0 (26) Shankland,S (2671)-Dragnev,V (2495) Biel 2017}) 1... c5 2. c3 $146 ({Predecessor:} 2. Nf3 Nc6 3. d4 cxd4 4. c3 d5 5. exd5 Qxd5 6. cxd4 e6 7. Nc3 Qd8 8. Bd3 Nf6 9. O-O Be7 10. Qe2 O-O 11. Rd1 {1-0 (21) Solinas,C-Leoncini,M (2195) Montecatini Terme 1994}) 2... d5 3. exd5 Qxd5 4. d4 e6 5. Nf3 Nf6 6. Bd3 Be7 7. O-O O-O 8. Qe2 cxd4 9. cxd4 Nc6 10. Rd1 Nb4 11. Nc3 Qd8 12. Ne5 {B22: Sicilian: 2 c3} (12. Bc4 b6 13. Ne5 Bb7 14. a3 Nbd5 15. Rd3 Rc8 16. Rh3 Nxc3 17. bxc3 Be4 18. g4 h6 19. Bd2 Bh7 20. Bd3 Qd5 21. Re1 Bxd3 22. Qxd3 Nh7 23. Bxh6 gxh6 24. Rxh6 f5 25. Qh3 Rxc3 26. Qh5 {1-0 (26) Shankland,S (2671)-Dragnev,V (2495) Biel 2017}) 12... b6 ({Predecessor:} 12... Nxd3 13. Rxd3 Re8 14. Qf3 Rf8 15. Qe2 Qe8 16. Rh3 Qd8 17. Be3 Bd7 18. g4 g6 19. Bh6 Re8 20. g5 Nh5 21. Rxh5 {1-0 (21) Solinas,C-Leoncini,M (2195) Montecatini Terme 1994}) 13. Qf3 Rb8 14. Qg3 (14. Bb1 $14) 14... Bb7 $11 15. Bh6 {[%csl Gh6][%cal Rg3g7]} Ne8 $1 ({Much weaker is} 15... Nh5 $6 16. Qg4 $16) 16. Bc4 Nd5 $132 {[%mdl 2048] Black puts up resistance} 17. Nxd5 exd5 (17... Bxd5 {with more complications.} 18. Bxd5 Qxd5 19. Nxf7 Rc8 20. Ne5 Rc2) 18. Bd3 $1 f5 (18... f6 $14 19. Nf3 Bd6) 19. Nf3 $16 Bd6 {[#]} 20. Bf4 $1 Bxf4 21. Qxf4 Qd6 22. Qe5 Rd8 23. Rac1 Qd7 24. Ng5 Rf6 25. Re1 Nd6 26. Nf3 Ne8 (26... Re8 $16) 27. Ng5 ({White should play} 27. Qe7 $18 {Hoping for Qxd7.} Qxe7 28. Rxe7) 27... Nd6 28. Nf3 (28. Qf4 $16) 28... Re8 (28... Ne8 $1 $11) 29. Qf4 Rxe1+ 30. Rxe1 Ne4 (30... Rf8 $16) 31. Qb8+ $18 {[%mdl 64] [#] Double Attack} Rf8 32. Qxa7 Qc6 {aiming for ...Ra8.} 33. Ne5 Qc7 {White must now prevent ...Ra8.} 34. Qa4 Ra8 35. Qb3 Nd2 36. Qd1 Ne4 37. a3 Rf8 38. Qb3 Qd8 (38... Rc8 {was called for.} 39. g4 Rf8 40. Bxe4 fxe4 41. Rxe4 Kh8) 39. Bxe4 fxe4 40. Rxe4 Qf6 41. Re2 Qf4 {( -> ...Qc1+)} 42. Qe3 Qf5 43. h3 Qb1+ 44. Kh2 {And now Nd7 would win.} Ba6 $2 (44... Qf5 45. g4 Qf4+ 46. Qxf4 Rxf4) 45. Nd7 {White wants to mate with Qe6+.} Bxe2 (45... Qe4 $142 46. Qxe4 dxe4) 46. Nxf8 $2 ({Less strong is} 46. Qxe2 Ra8 $18) (46. Qe6+ Kh8 47. Nxf8) 46... Bh5 $2 (46... Kxf8 47. Qxe2 Qf5) 47. Nd7 Qxb2 48. Qe6+ Bf7 49. Qe7 {[%csl Gd7][%cal Re7f8]} h5 50. Qf8+ {Accuracy: White = 68%, Black = 44%.} 1-0

[Event "Velammal-AICF Women GM 2019"]
[Site "Chennai"]
[Date "2019.02.02"]
[Round "8"]
[White "Nakhbayeva, Guliskhan"]
[Black "Sapale Saloni"]
[Result "0-1"]
[WhiteElo "2336"]
[BlackElo "2198"]
[Annotator "TA"]
[PlyCount "80"]
[EventDate "2019.01.28"]
[EventType "swiss"]
[EventCountry "IND"]
[SourceTitle "playchess.com"]
[Source "ChessBase"]
[SourceQuality "1"]

{[%evp 17,80,10,26,0,0,0,0,0,0,0,33,0,0,0,0,-50,0,0,0,-413,-420,-413,-408,-386,-372,-375,-380,-466,-361,-453,-408,-429,-406,-591,-562,-665,-656,-647,-634,-1061,-1037,-995,-629,-644,-631,-660,-624,-751,-716,-776,-730,-853,-860,-5890,-5779,-29975,-29975,-29986,-29987,-29987,-29988,-29988,-29989,-29991,-29992]} 1. d4 Nf6 2. c4 g6 3. Nc3 d5 4. cxd5 Nxd5 5. e4 Nxc3 6. bxc3 Bg7 7. Qa4+ Nd7 8. Nf3 O-O 9. Be2 c5 10. O-O {D85: Exchange Grünfeld: Unusual White 7th moves and lines with 7 Nf3} cxd4 11. cxd4 Nc5 12. dxc5 {The position is equal.} Bxa1 13. e5 Bd7 14. Qh4 {[%mdl 1024] Rd1 is the strong threat. White has compensation.} Bc6 $1 {[#]} 15. Ng5 $146 {[%csl Gg5][%cal Rh4h7]} ({Predecessor:} 15. Bh6 Bxf3 16. Bxf3 Qd4 17. Qxd4 Bxd4 18. Bxf8 Rxf8 19. Bxb7 Bxc5 20. Rc1 {½-½ (20) Yilmaz,M (2630)-Duda,J (2697) Khanty-Mansiysk 2017}) 15... h5 16. Bf4 Bb2 {And now ...Qd4 would win.} 17. Rd1 Qc8 $1 {[%cal Rc8f5] White must now prevent ...Qf5.} 18. Rb1 $2 {[%mdl 8192] [#]} (18. h3 $11 {and White is okay.}) 18... Bxe5 $1 $19 {[%mdl 512]} 19. Be3 ({But not} 19. Bxe5 Qf5 $19) 19... Qf5 20. Rc1 Bf6 21. Qg3 Rad8 22. Nf3 Qg4 23. Qc7 Rd7 24. Qa5 Rfd8 25. Qe1 (25. h3 {was worth a try.} Qa4 26. Qxa4 Bxa4 27. Kh2) 25... Qa4 26. Ng5 Qxa2 27. h4 Qa4 28. f4 Qa3 29. Bc4 Bd5 30. Bb5 {[#]} Qb2 $1 {[%csl Gd5][%cal Rb2g2]} 31. Bf1 Bd4 32. Kh2 Bc6 33. Bxd4 Qxd4 34. Qg3 Qd2 35. f5 Qxc1 {[%mdl 64] Double Attack} 36. Nxf7 Kxf7 {Black mates.} 37. Qxg6+ Kf8 38. Qxh5 Qf4+ ({Not} 38... Qxf1 39. Qh6+ Kg8 40. Qg6+ Kh8 41. Qh6+ Kg8 42. Qg6+ Kh8 43. Qh6+ Kg8 $11) 39. Kg1 Qd4+ 40. Kh1 Qg7 {Accuracy: White = 38%, Black = 81%.} 0-1

[Event "Velammal-AICF Women GM 2019"]
[Site "Chennai"]
[Date "2019.02.02"]
[Round "8"]
[White "Uuriintuya, Uurtsaikh"]
[Black "Divya Deshmukh"]
[Result "0-1"]
[WhiteElo "2314"]
[BlackElo "2168"]
[Annotator "TA"]
[PlyCount "70"]
[EventDate "2019.01.28"]
[EventType "swiss"]
[EventCountry "IND"]
[SourceTitle "playchess.com"]
[Source "ChessBase"]
[SourceQuality "1"]

{[%evp 22,70,-16,-36,-23,-50,-31,-36,-37,-37,-29,-58,-27,-50,-22,-281,-258,-386,-373,-571,-564,-628,-633,-614,-622,-741,-681,-701,-612,-652,-653,-751,-696,-726,-695,-897,-869,-867,-856,-764,-485,-634,-359,-727,-687,-729,-500,-5708,-11665,-5114,-5098]} 1. e4 c5 2. Nf3 d6 3. d4 cxd4 4. Nxd4 Nf6 5. Nc3 a6 6. f4 e5 7. Nf3 Nbd7 8. Bd3 Be7 ({Predecessor:} 8... b5 9. a3 Be7 10. O-O Bb7 11. Kh1 Rc8 12. Qe1 {0-1 (37) Araujo,F (2301)-Carvalho,F (2139) Natal 2010}) 9. O-O O-O $146 (9... b5 10. Qe1 Bb7 11. a3 O-O {0-1 (42) Dzhumaev,M (2439)-Kozionov,K (2423) Moscow 2018}) 10. Kh1 b5 11. a3 Bb7 12. Qe1 Rc8 {B93: Sicilian Najdorf: 6 f4} (12... Re8 13. fxe5 dxe5 14. b4 Rc8 15. Bb2 Qc7 16. Nd1 Qc6 17. Nd2 Nh5 18. Nf3 Qg6 19. Ne3 Bxe4 20. Bxe4 Qxe4 {0-1 (42) Dzhumaev,M (2439)-Kozionov,K (2423) Moscow 2018}) 13. Be3 d5 {[%cal Rd5e4]} ({Predecessor:} 13... Re8 14. Rd1 Qc7 15. fxe5 dxe5 16. Nh4 Ng4 {0-1 (37) Araujo,F (2301)-Carvalho,F (2139) Natal 2010}) 14. Nxe5 dxe4 {Black is slightly better.} 15. Be2 Qc7 16. Qg3 Bc5 17. Bxc5 Nxc5 18. f5 $2 {[%mdl 8192] [#]} (18. Nd1 $11 {and White is okay.}) 18... h5 $1 $19 19. a4 (19. b4 {was the only chance.} Rfe8 {[%mdl 64] Trapped Piece} 20. Nxf7 Qxg3 21. hxg3 Kxf7 22. bxc5) 19... b4 20. Na2 (20. Nc4 $142 Qxg3 21. hxg3 bxc3 22. b4) 20... h4 {[%mdl 64] Deflection} 21. Qxh4 Qxe5 22. Nxb4 a5 23. Na2 Nxa4 24. c3 Nc5 {[%cal Ba4c5,Bc5d3,Bd3f2][%mdl 32]} 25. Nc1 a4 26. Bd1 e3 27. Ne2 Nd3 28. Rxa4 Nf2+ 29. Kg1 Nxd1 30. Rxd1 Qxf5 31. Rf4 Qh5 32. Qe1 $2 (32. Qxh5 Nxh5 33. Rf5) 32... Rfd8 {Black is clearly winning.} 33. Nd4 Qg5 {[%csl Gb7][%cal Rg5g2] [#]} 34. g3 (34. Qg3 $142 Qxg3 35. hxg3) 34... Qd5 {[%csl Gb7][%cal Rd5h1]} 35. Rf3 Ng4 {Accuracy: White = 21%, Black = 85%.} 0-1

[Event "Velammal-AICF Women GM 2019"]
[Site "Chennai"]
[Date "2019.02.02"]
[Round "8"]
[White "Babiy, Olga"]
[Black "Michelle Catherina, P."]
[Result "0-1"]
[WhiteElo "2275"]
[BlackElo "2175"]
[Annotator "TA"]
[PlyCount "170"]
[EventDate "2019.01.28"]
[EventType "swiss"]
[EventCountry "IND"]
[SourceTitle "playchess.com"]
[Source "ChessBase"]
[SourceQuality "1"]

{[%evp 19,170,25,21,22,34,23,21,24,22,23,54,50,58,55,62,63,75,63,107,81,107,65,75,68,70,62,58,52,53,38,53,37,41,35,68,45,70,70,72,76,75,62,65,62,72,69,77,60,77,67,79,44,84,22,18,13,35,0,55,-39,-16,-88,-44,-42,-42,-105,-97,-90,-89,-164,-99,-93,-44,-40,0,0,66,66,63,59,91,8,8,8,12,0,0,0,0,0,0,0,6,-6,0,-30,-26,-25,-20,-96,-109,-147,-158,-195,-108,-222,-126,-156,-83,-248,-209,-466,-70,-70,-70,-128,-136,-232,-229,-351,-343,-432,-411,-29961,-29960,-29959,-29961,-29965,-29966,-29965,-29967,-29969,-29968,-29967,-29969,-29969,-29970,-29969,-29971,-29970,-29970,-29969,-29970,-29973,-29974,-29973,-29975,-29975,-29976,-29981,-29982,-29982,-29983]} 1. e4 e5 2. Nf3 Nc6 3. Bb5 a6 4. Ba4 Nf6 5. O-O b5 6. Bb3 Bb7 7. Re1 Bc5 8. c3 d6 9. d4 Bb6 10. Be3 O-O (10... Nxe4 $6 11. d5 $16) 11. d5 {C78: Ruy Lopez: Archangelsk and Möller Defences} Ne7 12. Bxb6 cxb6 13. Nbd2 {The position is equal.} Nd7 14. Bc2 {[#]} Ng6 $146 ({Predecessor:} 14... h6 15. Nf1 f5 16. exf5 Nxf5 17. N3d2 Nc5 18. b4 Na4 19. Bxf5 Rxf5 {1-0 (38) Yu,Y (2721)-Bu,X (2698) Shenzhen 2016}) 15. g3 Ne7 16. Nf1 h6 17. Ne3 Rc8 18. Nh4 g6 19. a3 Kh7 20. Nhg2 Ng8 21. Qe2 Qe7 22. Rad1 Ngf6 23. Nh4 Nc5 24. Neg2 Rce8 25. Qd2 Bc8 26. Rc1 Nh5 27. Qe3 Qd8 28. b4 Nd7 29. Qe2 Ng7 30. Ne3 Nf6 31. Nhg2 Bd7 32. Bd3 Qb8 33. Qf3 Ng8 34. g4 Qd8 35. h3 Kh8 36. c4 (36. Qg3 $1 $16) 36... f5 $11 37. gxf5 gxf5 38. cxb5 f4 (38... fxe4 $11 39. Qxe4 Nf5) 39. Ng4 ({Don't play} 39. bxa6 fxe3 40. Qxe3 Nh5 $17) ({White should play} 39. Nc4 $1 $14 Bxb5 40. Kh1) 39... axb5 $15 40. Rc3 (40. Kh1 $11) 40... Re7 41. Nh4 {Hoping for Ng6+.} Kh7 42. Qg2 (42. Qh1 $15) 42... f3 $1 $17 {[%cal Rf3g2]} 43. Nxf3 Nh5 $1 {[%cal Rh5f4]} 44. Kh1 (44. Bf1 $17) 44... Ref7 (44... Nf4 $19 45. Qh2 h5 46. Ng5+ Kg6 47. Nxe5+ dxe5) 45. Bf1 Nf4 46. Qg3 Rg7 {Strongly threatening ...h5.} 47. Qh4 $1 Qxh4 (47... Qe8 $11) 48. Nxh4 $14 Bxg4 49. hxg4 Rxg4 50. Rc7+ (50. Nf5 $1 $16) 50... Kh8 $132 {[%mdl 2048] Black has counterplay} 51. Nf5 {f3 is the strong threat.} Nxd5 52. Bh3 (52. Rb7 {is more complex.} Rg5 53. Be2 Nge7 54. Ng3 Nc3 55. Rc7) 52... Rxe4 53. Rxe4 Nxc7 54. Nxd6 Rxf2 55. Rxe5 Rf3 56. Kh2 Rxa3 57. Rf5 Ra2+ 58. Kg3 Rd2 59. Ne4 (59. Rf7 $11) 59... Rd3+ $17 60. Kg2 Kg7 $1 61. Bg4 Rd4 (61... Ne7 $19 62. Rf1 Rd4) 62. Kf3 {[#]} (62. Bh5 $17 {might work better.} Nd5 63. Rf7+ Kh8 64. Bf3) 62... Nd5 ({Don't take} 62... Rxb4 63. Bh5 $17) (62... Ne7 $1 $19 {[%cal Re7f5]} 63. Re5 Nc6) 63. Re5 Ngf6 (63... Nge7 $142 64. Nd6 Rxb4) 64. Bf5 $2 (64. Nxf6 $17 {keeps fighting.} Nxf6 65. Bf5) 64... Rxb4 $19 65. Nxf6 $2 (65. Nd6) 65... Nxf6 $2 {[%mdl 4096] Endgame KRB-KRN} (65... Rf4+ $19 66. Kg3 Kxf6 {[%mdl 64] Double Attack} 67. Rxd5 Rxf5 68. Rd6+ Kg5 69. Rxb6 h5) 66. Re7+ $1 $15 Kf8 67. Rb7 ({Better is} 67. Re6 $15) 67... Rd4 68. Be6 (68. Rxb6 $17 {was necessary.} Nd5 69. Rb8+ Kg7 70. Bd7) 68... Rd6 $19 69. Rf7+ (69. Bf5 {was worth a try.}) 69... Ke8 70. Rxf6 Ke7 {[%mdl 64] Double Attack} 71. Rxh6 (71. Rf5 $19 Kxe6 72. Rxb5) 71... Rxe6 {KR-KR. Black mates.} 72. Rh5 Kd6 73. Rxb5 Kc6 74. Rb1 b5 75. Rc1+ Kb6 76. Rb1 Kc5 77. Rc1+ Kd4 78. Rb1 Kc4 79. Rc1+ {[#]} Kd3 $1 80. Rb1 Rb6 81. Rb3+ Kc2 82. Rb4 Kc3 83. Rb1 b4 84. Ke2 Kc2 85. Rh1 b3 {Accuracy: White = 30%, Black = 57%.} 0-1

[Event "Velammal-AICF Women GM 2019"]
[Site "Chennai"]
[Date "2019.02.02"]
[Round "8"]
[White "Aakanksha Hagawane"]
[Black "Chandreyee, Hajra"]
[Result "1/2-1/2"]
[WhiteElo "2259"]
[BlackElo "1925"]
[Annotator "TA"]
[PlyCount "81"]
[EventDate "2019.01.28"]
[EventType "swiss"]
[EventCountry "IND"]
[SourceTitle "playchess.com"]
[Source "ChessBase"]
[SourceQuality "1"]

{[%evp 20,81,33,33,42,41,41,33,25,14,16,18,25,16,18,18,18,27,68,26,27,29,29,0,0,0,0,0,0,0,0,0,28,33,24,24,44,42,34,0,0,0,0,0,0,0,28,28,19,19,27,42,14,0,0,0,35,0,0,0,0,0,0,0]} 1. e4 c6 2. Nc3 d5 3. Nf3 Bg4 4. Be2 e6 (4... Nf6 5. h3 Bxf3 6. Bxf3 e6 7. O-O Nbd7 8. d4 dxe4 {1-0 (41) Kovchan,A (2576)-Starostits,I (2453) Palma de Mallorca 2015}) 5. h3 Bxf3 6. Bxf3 Nd7 7. d4 dxe4 8. Nxe4 Ngf6 9. O-O Nxe4 10. Bxe4 Nf6 11. Bf3 h6 $146 {B17: Caro-Kann: Modern Line (4...Nd7)} (11... Qc7 12. c4 Be7 13. Qa4 O-O 14. Be3 e5 15. dxe5 Qxe5 16. Qb3 Bd6 17. g3 Qe7 18. Bd4 Rfe8 19. Rad1 {1-0 (41) Kovchan,A (2576)-Starostits,I (2453) Palma de Mallorca 2015}) ({Predecessor:} 11... Bd6 12. c4 {0-1 (44) Kotan,L (2317)-Csonka,A (2225) Hungary 1999}) 12. c4 Bd6 13. Be3 ({Predecessor:} 13. Re1 O-O 14. Bd2 Qc7 15. Bc3 Rfd8 16. Qa4 Be7 17. Re3 Nd7 18. Rae1 Bf6 19. b4 {0-1 (44) Kotan,L (2317)-Csonka,A (2225) Hungary 1999}) 13... O-O {White is slightly better.} 14. Qb3 Qc7 15. Rad1 {[%cal Ba1d1,Bd1d2,Bd2c2,Bc2c4][%mdl 32]} Rfd8 16. g3 b6 17. Rd2 Rac8 18. Rfd1 b5 19. Rc2 bxc4 20. Rxc4 Nd5 21. Bxd5 exd5 22. Rc2 Rb8 23. Qd3 Qd7 24. Kg2 f5 25. Rdc1 f4 26. Bxf4 Bxf4 27. gxf4 Rf8 28. Rxc6 Rxb2 29. R1c2 Rxc2 30. Qxc2 $11 {[%mdl 4096] Endgame KQR-KQR} Qf7 31. f5 Qh5 32. Rc8 {And now Rxf8+ would win.} Rxc8 33. Qxc8+ {KQ-KQ} Kh7 34. Qe6 Qg5+ 35. Kf3 Qh5+ 36. Kg3 Qg5+ 37. Kf3 Qh5+ 38. Kg2 (38. Kf4 $5 {[%cal Re6g6]} Qh4+ 39. Ke3 $14) 38... Qg5+ {The position is equal.} 39. Kf1 Qc1+ 40. Kg2 {[#] Threatens to win with Qg6+.} Qg5+ 41. Kf3 {Accuracy: White = 53%, Black = 72%.} 1/2-1/2

[Event "Velammal-AICF Women GM 2019"]
[Site "Chennai"]
[Date "2019.02.02"]
[Round "8"]
[White "Franco Valencia, Angela"]
[Black "Munguntuul, Batkhuyag"]
[Result "0-1"]
[WhiteElo "2107"]
[BlackElo "2428"]
[Annotator "ChessBase"]
[PlyCount "64"]
[EventDate "2019.01.28"]
[EventType "swiss"]
[EventCountry "IND"]
[SourceTitle "playchess.com"]
[Source "ChessBase"]
[SourceQuality "1"]
[TimeControl "5400+30"]

1. e4 {[%emt 0:02:41]} c5 {[%emt 0:00:11]} 2. Nf3 {[%emt 0:00:09]} e6 {[%emt 0:00:35]} 3. d4 {[%emt 0:00:09]} cxd4 {[%emt 0:00:03]} 4. Nxd4 {[%emt 0:00:08]} Nc6 {[%emt 0:00:03]} 5. Nc3 {[%emt 0:00:48]} Qc7 {[%emt 0:00:05]} 6. Be2 {[%emt 0:00:28]} a6 {[%emt 0:00:12]} 7. O-O {[%emt 0:00:52]} Nf6 {[%emt 0:00:12]} 8. Kh1 {[%emt 0:00:42]} Be7 {[%emt 0:03:49]} 9. f4 {[%emt 0:01:52]} d6 {[%emt 0:00:07]} 10. Bf3 {[%emt 0:00:55]} O-O 11. Nb3 {[%emt 0:02:12]} b5 {[%emt 0:12:30]} 12. a3 {[%emt 0:04:07]} Bb7 {[%emt 0:00:26]} 13. Qe2 {[%emt 0:01:52]} Rab8 {[%emt 0:18:25]} 14. Be3 {[%emt 0:02:03]} b4 {[%emt 0:07:26]} 15. axb4 {[%emt 0:05:04]} Nxb4 {[%emt 0:02:42]} 16. f5 {[%emt 0:04:10]} e5 {[%emt 0:06:45]} 17. Rfd1 {[%emt 0:04:56]} Rfd8 {[%emt 0:05:42]} 18. Qf2 {[%emt 0:01:30]} Rd7 {[%emt 0:01:37]} 19. Bb6 {[%emt 0:01:09]} Qc8 {[%emt 0:01:11]} 20. Ra4 {[%emt 0:04:49]} d5 {[%emt 0:04:41]} 21. Nc5 {[%emt 0:04:56]} Bxc5 {[%emt 0:08:08]} 22. Bxc5 {[%emt 0:01:27]} dxe4 {[%emt 0:00:05]} 23. Be2 {[%emt 0:01:30]} Nbd5 {[%emt 0:03:58]} 24. Nxd5 {[%emt 0:03:12]} Nxd5 {[%emt 0:00:03]} 25. Rc4 {[%emt 0:02:32]} Qd8 {[%emt 0:02:52]} 26. Qg3 {[%emt 0:03:58]} Qf6 {[%emt 0:04:55]} 27. Rxe4 {[%emt 0:04:27]} Nf4 {[%emt 0:00:43]} 28. Rxd7 {[%emt 0:00:44]} Bxe4 {[%emt 0:00:03]} 29. Bc4 {[%emt 0:00:12]} Rd8 {[%emt 0:02:38]} 30. Rxf7 {[%emt 0:04:14]} Rd1+ {[%emt 0:00:10]} 31. Bg1 {[%emt 0:00:04]} Qxf7 {[%emt 0:01:01]} 32. Bxf7+ {[%emt 0:00:21]} Kxf7 {[%emt 0:00:01]} 0-1

[Event "Velammal-AICF Women GM 2019"]
[Site "Chennai"]
[Date "2019.02.02"]
[Round "9"]
[White "Munguntuul, Batkhuyag"]
[Black "Nakhbayeva, Guliskhan"]
[Result "1/2-1/2"]
[WhiteElo "2428"]
[BlackElo "2336"]
[Annotator "TA"]
[PlyCount "145"]
[EventDate "2019.01.28"]
[EventType "swiss"]
[EventCountry "IND"]
[SourceTitle "playchess.com"]
[Source "ChessBase"]
[SourceQuality "1"]

{[%evp 13,145,0,10,0,13,23,24,11,24,34,23,30,27,12,27,11,13,10,31,12,10,5,15,0,2,0,13,0,0,0,0,-45,-20,-62,-65,-56,0,0,0,0,0,0,32,0,0,-8,-8,-8,-11,-11,0,0,0,0,0,0,0,0,30,30,30,27,20,20,20,20,103,35,35,35,94,35,35,13,13,13,13,13,13,13,31,13,13,13,13,13,13,13,13,8,31,31,31,31,31,31,31,0,8,8,8,13,14,14,153,153,153,153,153,153,153,153,153,153,153,146,153,153,153,153,153,153,153,153,153,153,153,153,153,0,153,0,153,0]} 1. e4 e6 2. d4 d5 3. Nc3 Nf6 4. e5 Nfd7 5. f4 c5 6. Nf3 Nc6 7. Be3 Be7 8. a3 $146 {C11: French: Classical System: 4 e5 and 4 Bg5 dxe4} (8. Qd2 b6 9. Bb5 Bb7 10. O-O a6 11. Bxc6 Bxc6 12. Nd1 Qc7 13. Nf2 O-O-O 14. a4 Kb8 15. b3 Bb7 16. Nd3 {1-0 (60) Aronian,L (2767)-Caruana,F (2822) chess.com INT 2018}) ({Predecessor:} 8. dxc5 Nxc5 9. Be2 O-O 10. O-O b6 {½-½ (30) Zhigalko,A (2584)-Volkov,S (2592) Bad Wiessee 2015}) 8... O-O 9. dxc5 Nxc5 10. Be2 {White has an edge.} b6 11. O-O f5 ({Predecessor:} 11... Bb7 12. Qe1 Ne4 13. Rd1 Nxc3 14. Qxc3 Rc8 15. Qe1 Bc5 {½-½ (30) Zhigalko,A (2584)-Volkov,S (2592) Bad Wiessee 2015}) 12. Nb5 Ne4 13. Nbd4 Na5 14. Qe1 Bd7 15. Kh1 Kh8 16. Bd3 Rc8 17. Rg1 Nc6 18. Rc1 Nxd4 19. Nxd4 g5 20. Rf1 Rg8 21. Rd1 Qe8 22. c4 gxf4 ({But not} 22... dxc4 $6 23. Bxe4 gxf4 24. Nxf5 $14 (24. Bxf4 fxe4 25. Qxe4 c3 $15)) 23. Bxf4 {With the idea cxd5.} Qg6 {[%csl Gg8][%cal Rg6g2]} 24. Qe2 dxc4 ({Black should try} 24... Ba4 $1 $15 25. Rc1 Bc5) 25. Bxe4 $1 $11 fxe4 26. Nf5 $1 {[%cal Rf5e7]} exf5 27. Rxd7 Bc5 28. Rxa7 Rcd8 29. e6 $132 {[%mdl 2112] Deflection. White is not holding back} Qxe6 {Threatening ...h6.} 30. Qh5 $1 {[%csl Gh5][%cal Ra7h7]} Be7 $1 ({Don't go for} 30... Rg7 $2 31. Rxg7 Kxg7 32. Qg5+ Kf7 33. Qxd8 $18) 31. Be3 Rgf8 32. Bxb6 Qxb6 33. Rxe7 {[%csl Ge7][%cal Rh5h7]} Qg6 34. Qh4 f4 35. Qe1 e3 36. Qc3+ {[%mdl 64] Double Attack} Qf6 {Black wants to play ...Qxc3.} 37. Rxe3 {[%mdl 64] Pin} Qxc3 $1 38. Rxc3 {[%mdl 4096] Endgame KRR-KRR} Rd2 39. Rxc4 {aiming for b4.} Rg8 {[#]} (39... Rxb2 $11 40. Ra4 Rg8) 40. Rg1 ({White should play} 40. b4 $1 $16) 40... Rxb2 $14 41. Rxf4 Ra2 {[#]} (41... Ra8 $14) 42. a4 (42. Ra4 $1 $16) 42... Ra8 43. Rgf1 (43. Rff1 {with more complications.} R8xa4 44. h3 Rd2 45. Kh2 Kg7 46. Rf3) 43... R2xa4 44. h4 (44. Rf7 {keeps more tension.} Ra1 45. Kg1 Rxf1+ 46. Kxf1 Ra2 47. Re7) 44... Rxf4 45. Rxf4 $11 {KR-KR} Kg7 46. Kh2 Ra3 47. g3 Ra2+ 48. Kg1 Kg6 49. Rf2 Ra1+ 50. Kg2 Ra3 51. g4 Rb3 52. Rf3 Rb2+ 53. Kg3 Rb4 54. h5+ Kg7 55. g5 Rb5 56. Kg4 Rb4+ 57. Rf4 Rb7 58. Ra4 h6 (58... Rb1 $11) 59. g6 $16 Rc7 60. Rd4 Ra7 61. Re4 Rb7 62. Re5 Ra7 63. Kf5 Rb7 64. Ke6 Ra7 65. Rd5 Rb7 66. Rd7+ Rxd7 67. Kxd7 {KPP-KP} Kg8 68. Ke6 Kg7 69. Ke7 Kg8 70. Kf6 Kf8 71. Ke6 {Threatens to win with Kf5.} Kg7 72. Ke7 Kg8 73. Kf6 $2 {Accuracy: White = 44%, Black = 53%.} (73. Kd7 $16) 1/2-1/2